Pharmaceutical Process Engineering (Record no. 1076)

MARC details
000 -LEADER
fixed length control field 01001cam a22003134a 4500
001 - CONTROL NUMBER
control field 12339815
003 - CONTROL NUMBER IDENTIFIER
control field OSt
005 - DATE AND TIME OF LATEST TRANSACTION
control field 20170327150741.0
008 - FIXED-LENGTH DATA ELEMENTS--GENERAL INFORMATION
fixed length control field 010308s2001 nyua b 001 0 eng
010 ## - LIBRARY OF CONGRESS CONTROL NUMBER
LC control number 2001028408
020 ## - INTERNATIONAL STANDARD BOOK NUMBER
International Standard Book Number 0824702980 (alk. paper)
035 ## - SYSTEM CONTROL NUMBER
System control number (DNLM)101090114
040 ## - CATALOGING SOURCE
Original cataloging agency DNLM/DLC
Transcribing agency DLC
Modifying agency DLC
042 ## - AUTHENTICATION CODE
Authentication code pcc
050 00 - LIBRARY OF CONGRESS CALL NUMBER
Classification number RS192
Item number .H53 2001
060 10 - NATIONAL LIBRARY OF MEDICINE CALL NUMBER
Classification number W1
Item number DR893B v.112 2001
060 10 - NATIONAL LIBRARY OF MEDICINE CALL NUMBER
Classification number QV 744
Item number H628p 2001
082 00 - DEWEY DECIMAL CLASSIFICATION NUMBER
Classification number QV 778 h526p 2001
Edition number 21
100 1# - MAIN ENTRY--PERSONAL NAME
Personal name Hickey, Anthony J.; Ganderton, David
Dates associated with a name 1955-
9 (RLIN) 2900
245 10 - TITLE STATEMENT
Title Pharmaceutical Process Engineering
260 ## - PUBLICATION, DISTRIBUTION, ETC. (IMPRINT)
Place of publication, distribution, etc. New York;
Name of publisher, distributor, etc. M. Dekker,
Date of publication, distribution, etc. c2001.
300 ## - PHYSICAL DESCRIPTION
Extent x, 268 p. :
Other physical details ill. ;
Dimensions 24 cm.
504 ## - BIBLIOGRAPHY, ETC. NOTE
Bibliography, etc Includes bibliographical references and index.
650 #0 - SUBJECT ADDED ENTRY--TOPICAL TERM
Topical term or geographic name as entry element Pharmaceuticals
9 (RLIN) 2902
650 #0 - SUBJECT ADDED ENTRY--TOPICAL TERM
Topical term or geographic name as entry element Engineering.
9 (RLIN) 2903
856 42 - ELECTRONIC LOCATION AND ACCESS
Materials specified Publisher description
Uniform Resource Identifier http://www.loc.gov/catdir/enhancements/fy0647/2001028408-d.html
906 ## - LOCAL DATA ELEMENT F, LDF (RLIN)
a 7
b cbc
c orignew
d 1
e ocip
f 20
g y-gencatlg
942 ## - ADDED ENTRY ELEMENTS (KOHA)
Source of classification or shelving scheme Other/Generic Classification Scheme
Koha item type Short Loan
Holdings
Withdrawn status Lost status Source of classification or shelving scheme Damaged status Not for loan Home library Current library Date acquired Source of acquisition Inventory number Total Checkouts Full call number Barcode Date last seen Koha item type
    Other/Generic Classification Scheme     MUST Main Library MUST Main Library 25/02/2015   05/23878   QV 778 h526p 2001 2015-0354 25/02/2015 Short Loan